|
|
|
|
| LEADER |
01213nam a2200289 u 4500 |
| 001 |
10020367 |
| 003 |
upatras |
| 005 |
20210902084440.0 |
| 008 |
990129s1998 uk eng |
| 020 |
|
|
|a 1856041492
|
| 040 |
|
|
|a GR-PaULI
|c GR-PaULI
|
| 041 |
0 |
|
|a eng
|
| 082 |
0 |
4 |
|a 025
|
| 100 |
1 |
|
|a Rowley, Jennifer
|9 144411
|
| 245 |
1 |
0 |
|a The electronic library
|c Jennifer Rowley
|
| 250 |
|
|
|a 4th edition
|
| 260 |
|
|
|a London
|b Library Association Publishing
|c 1998
|
| 300 |
|
|
|a xii, 396 p.
|b fig.
|c 23 cm.
|
| 504 |
|
|
|a Includes bibliography and index
|
| 650 |
|
4 |
|a Βιβλιοθήκες
|x Αυτοματισμός
|9 4021
|
| 852 |
|
|
|a GR-PaULI
|b ΠΑΤΡΑ
|b ΒΚΠ
|b ΓΡΑ
|k ΑΣΧΞ
|h 025 R
|m 39885
|p 025000000949
|t 1
|
| 852 |
|
|
|a GR-PaULI
|b ΠΑΤΡΑ
|b ΒΚΠ
|b ΓΡΑ
|k ΟΧΙΔ
|h 025 R
|m 041963
|p 025000006327
|t 2
|
| 942 |
|
|
|2 ddc
|c BK15
|
| 952 |
|
|
|0 0
|1 0
|4 0
|6 025_000000000000000_R
|7 0
|9 179293
|a LISP
|b LISP
|c ADM
|d 2016-04-24
|i 39885
|l 0
|o 025 R
|p 025000000949
|r 2016-04-24 00:00:00
|t 1
|w 2016-04-24
|y BK15
|
| 952 |
|
|
|0 0
|1 0
|4 0
|6 025_000000000000000_R
|7 0
|9 179294
|a LISP
|b LISP
|c ADM
|d 2016-04-24
|i 041963
|l 0
|o 025 R
|p 025000006327
|r 2016-04-24 00:00:00
|t 2
|w 2016-04-24
|y BKN
|
| 998 |
|
|
|c ΠΑΝΑΓΟΠΟΥΛΟΥ
|d 1999-03
|
| 999 |
|
|
|c 111103
|d 111103
|